| 000 | 00000nam##2200000za#4500 |
| 001 | 9.638248 |
| 003 | CaOODSP |
| 005 | 20240209132622 |
| 007 | cr ||||||||||| |
| 008 | 150407|2005||||xxc|||||o f|0| 0 fre|d |
| 040 | |aCaOODSP|bfre |
| 043 | |an-cn--- |
| 086 | 1 |aIu89-4/54-2005-3F-PDF |
| 110 | 2 |aAgence de promotion économique du Canada atlantique. |
| 245 | 10|aTable ronde sur les moyens d'améliorer la compétitivité et la productivité au Canada atlantique. Annexe III, : |h[ressource électronique]|bDocument d'information de la table ronde |
| 246 | 17|aTable ronde du CCCPA sur la compétitivité et la productivité – document d’information |
| 260 | |aGrand Falls-Windsor - Terre-Neuve et Labrador : |bAgence de promotion économique du Canada atlantique |c[2005?]. |
| 300 | |a11p. |
| 500 | |aEn tête du titre: Consortium des collèges communautaires des provinces de l’Atlantique (CCCPA) |
| 520 | 3 |aLe Consortium des collèges communautaires des provinces de l’Atlantique (CCCPA) a organisé une table ronde visant à mieux définir les enjeux qui influent sur la compétitivité et la productivité ainsi qu’à trouver des solutions et améliorations ingénieuses et novatrices afin d’accroître la compétitivité et la productivité au Canada atlantique. |
| 590 | |a10-15-Supp|b2010-12-10 |
| 691 | 07|aCompétitivité|2gcpds |
| 691 | 07|aProductivité|2gcpds |
| 691 | 07|aProvinces atlantiques|2gcpds |
| 775 | 08|tRoundtable on improving competitiveness and productivity in Atlantic Canada. Appendix III, : |w(CaOODSP)9.694071 |
| 776 | 0#|tTable ronde sur les moyens d'améliorer la compétitivité et la productivité au Canada atlantique / |w(CaOODSP)9.684893 |
| 856 | 40|ahttp://publications.gc.ca|qPDF|s171 Ko|uhttps://publications.gc.ca/collections/collection_2010/apeca-acoa/Iu89-4-54-2005-3-fra.pdf |